00641nam a22001817a 450000500170000001000150001702000250003202000230005703500130008003700130009324501660010626000450027227000630031730000250038050000200040570000190042570000150044420130506150738.0 aENG-106977 a978019809996c995.00 a0198079990c995.00 aEN-90510 bDBAD/PUB10aPursuing elusive justice :cedited by Vahida Nainar [and] Saumya Uma ; foreworded by Upendra Baxbmass crimes in India and relevance of International standards / aNew DelhibOxford University Pressc2013 aYMCA Library Building, 1 Jai Singh RoadbNew Delhie110001 axiii,475p.c22cm(Hb) aIncludes index  aNainar, Vahida aSaumya Uma